00460nam a2200145Ia 4500008004100000020001800041082001400059100001900073245003600092260001800128500001500146942000700161952013100168999001500299260604s9999 xx 000 0 und d a9781835351598 a158.1 ANP aJean p.935676 0aPsychology: Study of Principles bEd-Tech Press aPsychology cBK 00104070aIIMVbIIMVcLOCKERd2026-06-04g18359.75l0o158.1 ANPp004118r2026-06-04 10:20:31v18359.75w2026-06-04yBKBANP c8500d8500